| 000 | 00473nam a2200181Ia 4500 | ||
|---|---|---|---|
| 001 | 16883 | ||
| 005 | 20260306170344.0 | ||
| 008 | 260306t1967||||xx |||||||||||||| ||und|| | ||
| 041 | _aESP | ||
| 082 |
_a657.3 _bC94 |
||
| 100 |
_aCubillo Valverde, Carlos _eAUT |
||
| 245 | 0 |
_aRegularización de balances: _bla incorporación de la cuenta al capital |
|
| 260 | _c1967 | ||
| 300 |
_a280 páginas : _c24 cm. |
||
| 650 | _aGEN | ||
| 654 | _aCCO | ||
| 942 |
_cLIB _dJUS _fJUS _2ddc _n |
||
| 999 |
_c16883 _d16883 |
||